000 00592nam a22001817a 4500
005 20251108174918.0
008 250721s2009 xx 000 0 ara d
082 1 4 _a327.17/شاف
100 1 _aشافعي، بدر حسن
245 1 0 _aتسوية الصراعات في إفريقيا "نموذج الإيكواس" /
264 1 _aالإسكندرية :
_bدار النشر للجامعات،
_c2009.
300 _a400ص.
650 1 7 _aالمنظمات الدولية
650 1 7 _aالمنازعات الدولية
653 _aافريقيا
942 _2ddc
_cBK
999 _c121306
_d121306